Employment Equity Law / (Record no. 1290)

MARC details
000 -LEADER
fixed length control field 00572nam a22001697a 4500
005 - DATE AND TIME OF INPUT
control field 20240129134508.0
008 - DATA ELEMENTS--GENERAL INFORMATION
fixed length control field 240129b |||||||| |||| 00| 0 eng d
020 ## - INTERNATIONAL STANDARD BOOK NUMBER
International Standard Book Number 9780409049145 ; 9780409049152
041 ## - LANGUAGE CODE
Language code of text English
082 ## - SHELF NUMBER
DDC number 344.1 PRE
100 ## - MAIN AUTHOR
Main author's name Pretorius, JL ; Klinck, ME and Ngwena, CG
Language of a work English
245 ## - TITLE STATEMENT
Title Employment Equity Law /
Statement of responsibility, etc. JL Pretorius, Me Klinck and CG Ngwena
260 ## - PUBLICATION, DISTRIBUTION, ETC.
Place of publication, distribution, etc. Durban :
Name of publisher, distributor, etc. LexisNexis (Pty) Ltd,
Date of publication, distribution, etc. 2001
300 ## - PHYSICAL DESCRIPTION
Other physical details xx, 215 pages ;
Dimensions 26 cm.
650 ## - SUBJECT`
Broad subject Lega; practice
Own subject terms Law
942 ## - ADDED ENTRY ELEMENTS (KOHA)
Item type Books
942 ## - ADDED ENTRY ELEMENTS (KOHA)
-- ALISON_BN_VRIES
Holdings
Source of classification or shelving scheme Not for loan Collection code Home library Current library Shelving location Date acquired Full call number Barcode Price effective from Koha item type
Dewey Decimal Classification   TEXT BOOKS LAW SOCIETY OF NAMIBIA LIBRARY - WINDHOEK LAW SOCIETY OF NAMIBIA LIBRARY - WINDHOEK Labour law 01/29/2024 344.1 PRE LSN/2022/80 01/29/2024 Books